| 000 | 01067nam a2200289 a 4500 | ||
|---|---|---|---|
| 001 | vtls001473099 | ||
| 003 | NLI | ||
| 005 | 20210627130737.0 | ||
| 008 | 121201s1976 nyu f000 0 eng | ||
| 039 | 9 |
_y201212011914 _zVLOAD |
|
| 040 |
_aNLI _beng _cDatasoft_FOD _eAACR2 |
||
| 041 | 0 | _aeng | |
| 044 | _a nyu | ||
| 082 | 0 | 4 | _a 338.091724 |
| 110 | 2 |
_aUnited Nations Industrial Development Organization _9693692 |
|
| 245 | 1 | 0 |
_aIndustrial development abstracts : _bundo industrial information system (INDIS) / _cUnited Nations Industrial Development Organization |
| 260 |
_aNew York : _bUnited Nations Industrial Development Organization, _c1976 |
||
| 300 |
_axv, 95 p. ; _c24 cm. |
||
| 650 | 0 |
_aIndustries _zDeveloping countries _vAbstracts _9738933 |
|
| 650 | 0 |
_aEconomic development _zDeveloping countries _vAbstracts _9738934 |
|
| 650 | 0 |
_aIndustrial development _zDeveloping countries _vAbstracts _9738935 |
|
| 887 | _a | ||
| 901 |
_aAD 13434 _b13.04.1977 _907001-OH 50 |
||
| 902 | _aU.S 338.091724 Un 3 | ||
| 904 | _lD 5129 | ||
| 999 |
_aVIRTUA40 _c921925 _d921925 |
||
| 942 |
_2ddc _cBKS |
||